Statistics for Ultimate Music Terms Quiz

Click here to take the quiz!

General Stats

  • This quiz has been taken 84 times
    (81 since last reset)
  • The average score is 30 of 55

Answer Stats

DefinitionTerm% Correct
LoudForte
87%
SoftPiano
87%
The clef that cellos and basses playBass
82%
A beat in music held for two beats{Half} Note
82%
Played by just one personSolo
82%
A beat in music held for one beat{Quarter} Note
80%
A beat in music held for four beats{Whole} Note
77%
A beat in music held for 1/8 beat{Eighth} Note
75%
Very loudFortissimo
75%
The clef that violins playTreble
75%
Getting louderCrescendo
73%
Getting softerDiminuendo
73%
A beat in music held for 1/16 beat{Sixteenth} Note
73%
Somewhat loudMezzo Forte
72%
Very softPianissimo
72%
Somewhat softMezzo Piano
70%
A singing range between baritone and altoTenor
70%
Fast, quick, and brightAllegro
68%
The clef that violas playAlto
67%
At a walking paceAndante
67%
Notes should be smooth and connectedLegato
67%
A singing range between tenor and bassBaritone
65%
A period of silence between notesRest
65%
Dot that indicates notes should be detachedStaccato
65%
Very fastPresto
63%
A term marked by two lines and two dots implicating that you have to play the given measure againRepeat
63%
ModeratelyModerato
62%
Words sang by a vocalist.Lyrics
60%
Slowing downRitardando
58%
Sharps or flats on a staff indicating what key the piece should be played inKey Signature
55%
Two notes of the same pitch connected by a curve indicating that they are to be played for the combined duration of their time valuesTie
53%
Two numbers divided by a bar after a clef noting what rhythm the piece is played inTime Signature
53%
A set of five parallel lines and the spaces between them, on which notes are written to indicate their pitchStaff
52%
Very slowLargo
50%
For strings, plucked rather than bowedPizzicato
50%
Any of several symbols placed at the left-hand end of a staff, indicating the pitch of the notes written on itClef
48%
Birdseye that means a note should be heldFermata
48%
To perform two different notes in one bowing (legato)Slur
48%
Speeding upAccelerando
47%
Slow and statelyAdagio
45%
A quavering or vibratory sound, especially a rapid alternation of sung or played notesTrill
43%
Continuous slide upward or downward between two notes (especially harp)Glissando
42%
SweetlyDolce
40%
Played by all togetherTutti
40%
An extra note added as an embellishment and not essential to the harmony or melodyGrace Note
38%
Chord played in series like a harpArpeggio
37%
A time signature indicating 2 or 4 half-note beats in a bar; alla breveCut Time
35%
Any of the sections, typically of equal time value, into which a musical composition is divided, shown on a score by vertical lines across the staff; barMeasure
35%
To be played with the bow, usually after pluckingArco
25%
Two players reading the same musical staff to divide into two or more voice parts Divisi
20%
Two notes played on two different strings at the same timeDouble Stop
15%
Played with the wood of the bowCol Legno
10%
Bowing term played louder or more forcefully than the surrounding musicMarcato
10%
Play only on the G stringSul G
10%
Play with the mute (string instruments)Con Sord
8%

Score Distribution

Percentile by Number Answered

Percent of People with Each Score

Your Score History

You have not taken this quiz since the last reset